Every Song by Anberlin - Statistics

General Stats
  • This quiz has been taken 6 times
  • The average score is 57 of 104
Answer Stats
Album Song % Correct
Cities(2007) Godspeed
100%
Never Take Friendship Personal(2005) Never Take Friendship Personal
100%
Never Take Friendship Personal(2005) A Day Late
80%
Never Take Friendship Personal(2005) Audrey, Start the Revolution!
80%
New Surrender(2008) Blame Me! Blame Me!
80%
New Surrender(2008) Breaking
80%
New Surrender(2008) Burn Out Brighter (Northern Lights)
80%
Blueprints for the Black Market(2003) Change the World (Lost Ones)
80%
New Surrender(2008) Disappear
80%
Cities(2007) (*Fin)
80%
Blueprints for the Black Market(2003) Foreign Language
80%
Blueprints for the Black Market(2003) Glass to the Arson
80%
New Surrender(2008) Haight Street
80%
Never Take Friendship Personal(2005) Paperthin Hymn
80%
Blueprints for the Black Market(2003) | Lost Songs(2007) Readyfuels
80%
New Surrender(2008) Soft Skeletons
80%
Never Take Friendship Personal(2005) The Feel Good Drag
80%
Godspeed(2006) The Haunting
80%
Cities(2007) The Unwinding Cable Car
80%
Cities(2007) Adelaide
60%
Never Take Friendship Personal(2005) A Heavy Hearted Work of Staggering Genius
60%
Cities(2007) Alexithymia
60%
Dark is the Way, Light is a Place(Bonus)(2010) All We Have
60%
New Surrender(Bonus)(2008) A Perfect Tourniquet
60%
lowborn(2014) Armageddon
60%
lowborn(2014) Atonement
60%
Blueprints for the Black Market(2003) Autobahn
60%
Cities(2007) A Whisper & a Clamor
60%
lowborn(2014) Birds of Prey
60%
New Surrender(2008) Breathe
60%
Blueprints for the Black Market(2003) Cadence
60%
Devotion(2013) City Electric
60%
Dark is the Way, Light is a Place(2010) Closer
60%
Blueprints for the Black Market(2003) Cold War Transmissions
60%
Never Take Friendship Personal(2005) Dance, Dance Christa Päffgen
60%
Cities(2007) (Début)
60%
Dark is the Way, Light is a Place(2010) Depraved
60%
Cities(2007) Dismantle. Repair.
60%
Dark is the Way, Light is a Place(2010) Down
60%
Vital(2012) God, Drugs & Sex
60%
lowborn(2014) Harbinger
60%
lowborn(2014) Hearing Voices
60%
New Surrender(Bonus)(2008) Heavier Things Remain (Graviora Manent)
60%
Cities(2007) Hello Alone
60%
Devotion(2013) IJSW
60%
Dark is the Way, Light is a Place(2010) Impossible
60%
Cities(2007) Inevitable
60%
Vital(2012) Little Tyrants
60%
Vital(2012) Modern Age
60%
Blueprints for the Black Market(2003) Naïve Orleans
60%
Vital(2012) Orpheum
60%
Vital(2012) Other Side
60%
Dark is the Way, Light is a Place(2010) Pray Tell
60%
Cities(2007) Reclusion
60%
New Surrender(2008) Retrace
60%
New Surrender(Bonus)(2008) Said and Done
60%
Vital(2012) Self-Starter
60%
Vital(2012) Someone Anyone
60%
Never Take Friendship Personal(2005) Stationary Stationery
60%
lowborn(2014) Stranger Ways
60%
Dark is the Way, Light is a Place(2010) The Art of War
60%
Cities(2007) There is No Mathematics to Love and Loss
60%
New Surrender(2008) The Resistance
60%
Never Take Friendship Personal(2005) The Runaways
60%
Never Take Friendship Personal(2005) (The Symphony of) Blasé
60%
Blueprints for the Black Market(2003) The Undeveloped Story
60%
Never Take Friendship Personal(2005) Time & Confusion
60%
Dark is the Way, Light is a Place(2010) To the Wolves
60%
Vital(2012) Type Three
60%
lowborn(2014) We are Destroyer
60%
Blueprints for the Black Market(2003) We Dreamt in Heist
60%
New Surrender(2008) Younglife
60%
Devotion(2013) Dead American
40%
Vital(2012) Desires
40%
lowborn(2014) Dissenter
40%
Never Take Friendship Personal(Bonus)(2005) Downtown Song
40%
Dark is the Way, Light is a Place(Bonus)(2010) Hell or High Water
40%
Dark is the Way, Light is a Place(Bonus)(2010) I'd Like to Die
40%
Vital(2012) Innocent
40%
Vital(2012) Intentions
40%
lowborn(2014) Losing It All
40%
New Surrender(2008) Miserabile Visu (Ex Malo Bonum)
40%
Vital(Bonus)(2012) No Love to Speak
40%
Vital(Bonus)(2012) Safe Here
40%
Vital(Bonus)(2012) Said Too Much
40%
Dark is the Way, Light is a Place(2010) Take Me (As You Found Me)
40%
Cities(Bonus)(2007) Uncanny
40%
Vital(Bonus)(2012) Unstable
40%
lowborn(2014) Velvet Covered Brick
40%
Dark is the Way, Light is a Place(2010) We Owe This to Ourselves
40%
Dark is the Way, Light is a Place(2010) You Belong Here
40%
Silverline(2022) Asking
20%
Silverline(2022) Circles
20%
Lost Songs(2007) Everywhere in Between
20%
Lost Songs(2007) Hidden Track
20%
Convinced(2023) Animals
0%
Convinced(2023) Banshee
0%
Silverline(2022) Body Language
0%
Convinced(2023) Decoder
0%
Convinced(2023) Lacerate
0%
Silverline(2022) Nothing Lost
0%
Convinced(2023) Nothing More
0%
Silverline(2022) Two Graves
0%
No matching quizzes found
Score Distribution
Percent of People with Each Score
Percentile by Number Answered
Your Score History
You have not taken this quiz